Quiz o Piasecznie - Statystyki

Ogólne statystyki
  • Ten quiz został rozwiązany 15 razy
  • Średni wynik to 7 z 13
Statystyki odpowiedzi
Wskazówka Odpowiedź % Poprawnych
Województwo, w którym leży Piaseczno mazowieckie
100%
Na czyich granicach znajdowało się Piaseczno po trzecim rozbiorze Polski? zabór {pruski}
100%
Kod pocztowy Piaseczna 05-500
86%
Województwo, w którym leżało Piaseczno w latach 1975-1998 warszawskie
86%
W którym wieku zostało założone Piaseczno? XIV
79%
Z jaką Warszawską dzielnicą graniczy Piaseczno? Ursynów
71%
Co utworzyli okupanci, jesienią 1940 w południowej części tego miasta? getto
57%
W jakiej aglomeracji leży Piaseczno? warszawska
50%
Jakim miastem było Piaseczno w czasach Korony Królestwa Polskiego? miasto {królewskie}
36%
W którym roku Piaseczno odzyskało prawa miejskie? 1916
7%
Który książe nadał Piasecznie prawa miejskie? Janusz I Starszy
7%
Na jakich prawach Piaseczno otrzymało prawa miejskie? prawo {chełmińskie}
7%
W jakim regionie, znajduje się jedyne miasto partnerskie z Włoch? Toskania (Chitignano)
7%
Nie znaleziono quizów pasujących do podanych kryteriów
Rozkład punktacji
Procent ludzi z każdym wynikiem
Percentyl według liczby udzielonych odpowiedzi
Twoja historia wyników
Nie rozwiązałeś tego quizu